000
00310nam a2200121Ia 4500
008
240624s9999 xx 000 0 und d
041
_a
eng
082
_a
330 HER
100
_a
HERRLE PETER
245
_a
SOCIALLY INCLUSIVE CITIES EMERGING CONCE
260
_c
2005
_a
London
_b
Transaction Publishers
365
_c
RS
999
_c
15910
_d
15910